000
00307nam a2200121Ia 4500
008
190722s9999 xx 000 0 und d
020
_a
978-93-325-4968-5
100
_a
Wayne Tomasi
245
0
_a
Advanced Electronic Communications System
260
_a
India
_b
Pearson Edu.
_c
2016
300
_a
615
942
_c
BK
999
_c
79
_d
79